Pokémon - D/P/PT-Quiz - Statistiken

Allgemein
  • Dieses Quiz wurde 36 mal gespielt
    26 seit der letzten Aktualisierung
  • Das Durchschnittsergebnis liegt bei 11 aus 20
Antwortstatistiken
Frage Antwort % Korrekt
Wie heißt der Rivale? Barry
100%
In welcher Stadt befindet sich ein Tempel, in welchem ein legendäres Pokémon schlummert? Blizzach
100%
Auf welchen Typ hat sich das zweite Mitglied der Top Vier spezialisiert? Boden
100%
Wo befindet sich das Bergbaumuseum? Erzelingen
100%
Wie heißt der Wald im Westen der Region? Ewigwald
100%
Auf welchen Typ hat sich das dritte Mitglied der Top Vier spezialisiert? Feuer
100%
Wo befindet sich der Blumenladen? Flori
100%
Welcher Arenaleiter nutzt in Pokémon Diamant und Perl im Kampf zwei Pokémon der selben Entwicklungslinie? Frida
100%
Welches der folgenden Pokémon wird in Pokémon Platin nicht von Cynthia genutzt? Gastrodon
100%
In welcher Stadt befindet sich die Wettbewerbshalle? Herzhofen
100%
Welches Top Vier-Mitglied ist mit dem Arenaleiter Volkner eng befreundet? Ignaz
100%
In welcher Stadt befindet sich der TV-Sender? Jubelstadt
100%
Auf welchen Typ hat sich das erste Mitglied der Top Vier spezialisiert? Käfer
100%
Wie heißt der Berg, der die Sinnoh-Region in zwei Hälften teilt? Kraterberg
100%
Wie heißt der weibliche Protagonist? Lucia
100%
Welches Top Vier-Mitglied setzt vom Level her die stärksten Pokémon ein? Lucian
100%
Von welchem Arenaleiter erhält man den Fennorden? Marinus
100%
In welcher Stadt befindet sich die Spielhalle? Schleiede
100%
Von welchem Arenaleiter erhält man den Waldorden? Silvana
100%
Welches Pokémon wird nicht in Pokémon Diamant und Perl vom Top Vier-Mitglied Ignaz in den Kampf geschickt? Skuntank
100%
Welches Pokémon fängt der Rivale als erstes (der Starter zählt nicht)? Staralili
100%
Wie heißt das Team, das in Pokémon Diamant, Perl und Platin für Aufruhr sorgt? Team Galaktik
100%
Welche TM erhält man vom Arenaleiter Marinus nach dem Sieg über ihn? TM55 Lake
100%
Welche TM erhält man von der Arenaleiterin Frida nach dem Sieg über sie? TM72 Lawine
100%
Welche TM erhält man von der Arenaleiterin Silvana nach dem Sieg über sie? TM86 Strauchler
100%
Welche TM erhält man vom Arenaleiter Adam nach dem Sieg über ihn? TM91 Lichtkanone
100%
Welches Pokémon schlüpft aus dem Ei, das man in Pokémon Platin von Cynthia in Ewigenau erhält? Togepi
100%
Wo befindet sich die Pension? Trostu
100%
Wo erhält man in Pokémon Diamant und Perl die VM04 Stärke? Turm der Ruhenden
100%
In welchem Verhältnis stehen sich die Arenaleiter Veit und Adam gegenüber? Vater & Sohn
100%
In welcher Stadt befindet sich das Großmoor? Weideburg
100%
An welchem Ort kann man jeden Freitag das Pokémon Driftlon fangen? Windkraftwerk
100%
Welches Pokémon schlüpft aus dem Ei, das man in Pokémon Diamant und Perl von einem Wanderer in Herzhofen erhält? Wonneira
100%
Welche VM-Attacke benötigt man, um das Galaktik-Gebäude in Ewigenau betreten zu können? Zerschneider
100%
Wie heißt die Stadt, in der der Spieler sein Abenteuer beginnt? Zweiblattdorf
100%
In welchem Teil der Sinnoh-Region befindet sich die Pokémon-Liga? Osten
80%
Welcher Trainer begleitet den Spieler im Wald im Westen der Region? Raissa
80%
Wo befindet sich der Leuchtturm? Sonnewik
80%
In welchem Jahr erschienen Pokémon Diamant und Perl in Europa? 2007
75%
Welchem Pokémon begegnet man beim Betreten der Stadt Herzhofen? Haspiror
75%
Welche TM erhält man von der Arenaleiterin Hilda nach dem Sieg über sie? TM60 Ableithieb
75%
Welche TM erhält man vom Arenaleiter Veit nach dem Sieg über ihn? TM76 Tarnsteine
75%
An welchem der folgenden Orte ist kein legendäres Pokémon zu finden? Trostu-Ruinen
75%
Wo befindet sich der Pokémon-Fanclub? Herzhofen
71%
Welches der folgenden Pokémon ist nur versionsexklusiv in Pokémon Perl fangbar? Charmian
67%
Wie heißt der Vulkan auf der Insel im Nordosten der Sinnoh-Region? Kahlberg
67%
Welcher Trainer begleitet den Spieler durch die Bizarre Höhle? Orisa
67%
Auf welchen Typ hat sich das vierte Mitglied der Top Vier spezialisiert? Psycho
67%
Welcher Trainer begleitet den Spieler auf der Eiseninsel? Urs
67%
Von welchem Arenaleiter erhält man den Kohleorden? Veit
67%
Von welchem Arenaleiter erhält man den Lichtorden? Volkner
67%
In welcher Stadt befindet sich das Kaufhaus? Schleiede
63%
Wo befindet sich Radl-Rainers Radladen? Ewigenau
60%
Welche TM kann man nicht in der Siegesstraße finden? TM26 Erdbeben
60%
Wo kann man außerhalb des Untergrunds die Eisentafel finden? Eiseninsel
57%
Zwischen welchen beiden Städten befindet sich der Radweg? Erzelingen und Ewigenau
57%
In welchem Jahr erschien Pokémon Platin in Europa? 2009
50%
Welcher Trainer begleitet den Spieler durch den Vulkan? Avenaro
50%
Welches der folgenden Baby-Pokémon wurde nicht in Pokémon Diamant und Perl eingeführt? Azurill
50%
Welcher Trainer begleitet den Spieler im östlichen Bereich der Siegesstraße? Charlie
50%
Wo erhält man die VM03 Surfer? Elyses
50%
Von welchem Arenaleiter erhält man den Firnorden? Frida
50%
Welches der folgenden Pokémon ist nur versionsexklusiv in Pokémon Diamant fangbar? Kramurx
50%
Welcher Professor schenkt dem Spieler sein erstes Pokémon? Professor Eibe
50%
Wo kann man außerhalb des Untergrunds die Wiesentafel finden? Route 210 (Östlich von Elyses)
50%
Wo erhält man die VM07 Kaskade? Sonnewik
50%
Welche TM erhält man vom Arenaleiter Volkner nach dem Sieg über ihn? TM57 Ladestrahl
50%
An welchem Ort trifft man in Pokémon Platin nicht auf Zyrus? Trostu-Ruinen
50%
Wo erhält man in Pokémon Platin die VM05 Auflockern? Trostu-Ruinen
50%
An welchem der folgenden Orte kommt es nicht zum Kampf gegen Mitglieder vom Team Galaktik? Weideburg
50%
Wo erhält man die VM06 Zertrümmerer? Erzelingen-Tor
40%
Von welchem Arenaleiter erhält man den Reliktorden? Lamina
40%
Wo kann man außerhalb des Untergrunds die Hirntafel finden? Trostu-Ruinen
40%
Wo kann man außerhalb des Untergrunds die Gifttafel finden? Großmoor
38%
Wie viele Geister kann man in der Alten Villa finden? 2
33%
Wo kann man außerhalb des Untergrunds die Erdtafel finden? Erzelingen-Tor
33%
Wo befindet sich das Haus des Untergrund-Mannes? Ewigenau
33%
Wo kann man außerhalb des Untergrunds die Steintafel finden? Kraterberg
33%
Wo erhält man die VM08 Kraxler? Route 217 (Südlich des Stärkeufers)
33%
Wo kann man außerhalb des Untergrunds die Blitztafel finden? Sonnewik
33%
Welches ist kein Preis, den man in der Spielhalle im Tausch gegen Münzen erhalten kann? TM62 Silberhauch
33%
Welche TM erhält man von der Arenaleiterin Lamina nach dem Sieg über sie? TM65 Dunkelklaue
33%
Welches Band erhält man nicht von Mona in Sonnewik? Band der Treue
25%
Wo befindet sich das Bänder-Syndikat? Erholungsareal
25%
Wo erhält man die VM02 Fliegen? Schleiede
25%
Welcher Trainer ist der erste, gegen den man in Pokémon Diamant und Perl kämpft? Teenager
25%
Welches Pokémon wird in Pokémon Diamant und Perl nicht von einem Pokémon-Sammler eingesetzt? Zubat
25%
Wo befindet sich der Kräuterladen? Ewigenau
20%
Wo erhält man die VM01 Zerschneider? Ewigenau
20%
Wo befindet sich der Markt, in dem man diverse Sticker erwerben kann? Sonnewik
14%
Wie viele Routen gibt es in Pokémon Diamant, Perl und Platin? 30
0%
Von welchem Arenaleiter erhält man den Minenorden? Adam
0%
Wo kann man außerhalb des Untergrunds die Furchttafel finden? Alte Villa
0%
Welches ist kein Pokémon, das im Großmoor vorkommt? Azumarill
0%
Wo erhält man in Pokémon Platin die VM04 Stärke? Eiseninsel
0%
Wo kann man außerhalb des Untergrunds die Dracotafel finden? Ewigenau
0%
Wo kann man außerhalb des Untergrunds die Käfertafel finden? Ewigwald
0%
Wo erhält man in Pokémon Diamant und Perl die VM05 Auflockern? Großmoor
0%
Von welchem Arenaleiter erhält man den Bergorden? Hilda
0%
Wo kann man außerhalb des Untergrunds die Feuertafel finden? Kahlberg
0%
Welche der folgenden Kampfeinrichtungen befindet sich nicht in der Kampfzone der Sinnoh-Region? Kampfring
0%
Wie heißt der männliche Protagonist? Lucius
0%
Welches Pokémon kann man in Pokémon Platin nicht im Inneren des Kahlbergs antreffen? Magmar
0%
Welches Pokémon kann man in Pokémon Platin nicht in der Siegesstraße antreffen? Maschock
0%
Wo kann man außerhalb des Untergrunds die Spuktafel finden? Platz der Treue
0%
Wo kann man in Pokémon Platin den Pokédexeintrag für das mysteriöse Pokémon Manaphy erhalten? Pokémon-Landgut
0%
Wo kann man außerhalb des Untergrunds die Wolkentafel finden? Pokémon Liga
0%
Wo kann man außerhalb des Untergrunds die Fausttafel finden? Route 215 (Westlich von Schleiede)
0%
Wo kann man außerhalb des Untergrunds die Frosttafel finden? Route 217 (Südlich des Stärkeufers)
0%
Wo kann man außerhalb des Untergrunds die Wassertafel finden? Route 220 (Südlich der Sandgemme)
0%
Welches der folgenden Pokémon taucht nicht auf der Route 201 auf? Sheinux
0%
Welches der folgenden Pokémon taucht in Pokémon Diamant und Perl nicht als Schwarm-Pokémon auf? Sleima
0%
Welche TM kann man in der Kampfzone nicht gegen GP eintauschen? TM79 Kehrtwende
0%
Wo befindet sich der Pokémon-Zeitungsverlag? Trostu
0%
Keine übereinstimmenden Quizze gefunden
Verteilung der Resultate
Anzahl Personen mit jedem Resultat
Perzentil nach korrekt beantworteten Fragen
Ihre Resultats-Entwicklung
Sie haben dieses Quiz seit der letzten Aktualisierung nicht gespielt